|
|
|
|
| LEADER |
00000nab a2200000ua 4500 |
| 001 |
vtls010833342 |
| 003 |
SK-MaSNL |
| 005 |
20260304030049.0 |
| 008 |
250310s xo |||||||||||||||||slo| |
| 035 |
|
|
|a (urnnbn)urn:nbn:sk:snk:ar-a06m4c
|
| 035 |
|
|
|a urn:nbn:sk:snk-ab5xsg
|
| 035 |
|
|
|a (uuid)5c207d2f-2c26-43ad-bf89-60cb4b8cce6f
|
| 040 |
|
|
|a SNKBUCL
|b slo
|c SNKBUCL
|e AACR2
|
| 041 |
0 |
|
|a slo
|
| 044 |
|
|
|a xo
|c SK
|
| 100 |
1 |
|
|a Kopal, Tomáš
|4 aut
|9 183903
|
| 245 |
1 |
0 |
|a Využitie penových krytí v liečbe chronických rán
|c Tomáš Kopal
|
| 773 |
0 |
|
|t Revue medicíny v praxi : odborný zdravotnícky časopis
|g Roč. 7, č. 5 (2009-2010), s. 16
|
| 958 |
|
|
|a OND
|
| 958 |
|
|
|a EUIPO
|
| 958 |
|
|
|a article5
|
| 999 |
|
|
|c 2631450
|d 2633380
|